000 00794nam a2200241 a 4500
001 BRCA_7279
005 20190320205758.0
008 310112s2010----mx-a######---#000-0#spa-#
020 _a9685546088
041 _aspa
044 _amx
050 4 _aF1386.P3
_b.E66 2010
245 1 0 _aEpopeya del pueblo mexicano
_blos murales de Palacio Nacional
_cedición e investigación Arturo Chapa.
260 _aMéxico
_bChapa ediciones
_c2010
300 _a399 p.
_bil. (algunas a color)
_c39 cm.
504 _aBibliografía: p. 398-399
610 2 4 _aPalacio Nacional (Ciudad de México)
_xMurales
_918015
650 1 4 _apintura mural
_918016
650 1 4 _aPintura y decoración de murales
_zMéxico
_918017
651 4 _aMéxico
_xHistoria
_9614
700 1 _aChapa, Arturo
_eed.
_99091
942 _2lcc
_cB
999 _c6957
_d6957